1243 1591 1480 1850 1211 1871 1640 1673 1306 1138 1004 1817 1186 1209 1195 1941 1802 1921 1385 1471 1561 1975 1299 1376 1411 1425 1836 1862 1433 1533 1059 1067 1004 1142 1760 1986 1956 1521 1607 1861 1410 1433 1526 1268 1366 1588 1275 1286 1644 1668 1042 1724 1613 1254 1140 1238 1399 1797 1967 1885 1867 1758 1127 1421 1472 1174 1743 1513 1142 1576 1882 1834 1485 1206 1696 1784 1563 1705 1584 1460 1214 1571 1532 1313 1852 1958 1703 1014 1422 1639 1311 1681 1964 1563 1511 1603 1659 1684 1257 BCNSPRNW ULIB Ver.6.0+V

เปลี่ยนเป็นภาษาไทย

Change to English
 แสดงรายละเอียดบรรณานุกรม
  กลับหน้าหลัก

Brief Record : Get Marc (ISO 2709) : E-mail record : QR code < ปิดหน้าต่าง
LEADER : 00000nam 2200000uu 4500
001    13399112309
003     ULIB
008    110627s2550||||th 000 0 tha d
020    9789748290256
090    นว.^bล711P 2550
100 0  ลูกชุบ
245 00 Power land สูตรรักลุ้นหัวใจนายปีศาจ/^cลูกชุบ
250    พิมพ์ครั้งที่ 1
260    กรุงเทพฯ :^bแจ่มใส,^c2550
300    195 หน้า
710 1  แจ่มใส
945    ^p149^l0^i022522
995    ทศพร
999 ^a ใช้งานได้ทุกระบบ
รายการนี้ยังไม่มีแท็ก
คุณยังไม่ได้ล็อกอิน คุณสามารถมีกิจกรรมร่วมกับเว็บไซต์ได้ แต่ต้องล็อกอินก่อน ::
  ล็อกอิน

รายการสื่อสารสนเทศ

ลำดับที่ ประเภท เลขเรียก/บาร์โค้ด สถานที่ สถานะ
- ไม่พบข้อมูล -

รายการใกล้เคียง
    ผู้แต่ง [ลูกชุบ]

BibComment


ยังไม่เคยถูกคอมเมนท์

คอมเมนท์ทรัพยากรรายการนี้
  คอมเมนท์: Power land สูตรรั..


 Copyright 2026. Bcnsprnw @Library